<?xml version="1.0" encoding="UTF-8"?>
<record
    xmlns:xsi="http://www.w3.org/2001/XMLSchema-instance"
    xsi:schemaLocation="http://www.loc.gov/MARC21/slim http://www.loc.gov/standards/marcxml/schema/MARC21slim.xsd"
    xmlns="http://www.loc.gov/MARC21/slim">

  <leader>01066nam0a22002291i 4500</leader>
  <controlfield tag="001">rc\3140808</controlfield>
  <controlfield tag="005">20240726070251.0</controlfield>
  <datafield tag="035" ind1=" " ind2=" ">
    <subfield code="a">(NLR Aleph) 007290669</subfield>
  </datafield>
  <datafield tag="090" ind1=" " ind2=" ">
    <subfield code="a">5606263</subfield>
    <subfield code="c">5606263</subfield>
  </datafield>
  <datafield tag="100" ind1=" " ind2=" ">
    <subfield code="a">20120615d1975    |||y0rusy50      ca</subfield>
  </datafield>
  <datafield tag="101" ind1="0" ind2=" ">
    <subfield code="a">rus</subfield>
  </datafield>
  <datafield tag="102" ind1=" " ind2=" ">
    <subfield code="a">RU</subfield>
  </datafield>
  <datafield tag="105" ind1=" " ind2=" ">
    <subfield code="a">y   d   |||||</subfield>
  </datafield>
  <datafield tag="200" ind1="1" ind2=" ">
    <subfield code="a">&#x41F;&#x430;&#x440;&#x442;&#x438;&#x439;&#x43D;&#x43E;-&#x43F;&#x43E;&#x43B;&#x438;&#x442;&#x438;&#x447;&#x435;&#x441;&#x43A;&#x430;&#x44F; &#x440;&#x430;&#x431;&#x43E;&#x442;&#x430; &#x43D;&#x430; &#x442;&#x440;&#x430;&#x43D;&#x441;&#x43F;&#x43E;&#x440;&#x442;&#x435; &#x432; &#x43F;&#x435;&#x440;&#x438;&#x43E;&#x434; 1966-1970 &#x433;&#x433;.</subfield>
    <subfield code="e">(&#x41D;&#x430; &#x43C;&#x430;&#x442;&#x435;&#x440;&#x438;&#x430;&#x43B;&#x430;&#x445; &#x41E;&#x43A;&#x442;&#x44F;&#x431;&#x440;&#x44C;&#x441;&#x43A;&#x43E;&#x439; &#x436;&#x435;&#x43B;&#x435;&#x437;&#x43D;&#x43E;&#x439; &#x434;&#x43E;&#x440;&#x43E;&#x433;&#x438;)</subfield>
    <subfield code="e">&#x410;&#x432;&#x442;&#x43E;&#x440;&#x435;&#x444;. &#x434;&#x438;&#x441;. ...&#x43A;&#x430;&#x43D;&#x434;. &#x438;&#x441;&#x442;. &#x43D;&#x430;&#x443;&#x43A;</subfield>
  </datafield>
  <datafield tag="210" ind1=" " ind2=" ">
    <subfield code="a">&#x41F;&#x435;&#x442;&#x440;&#x43E;&#x437;&#x430;&#x432;&#x43E;&#x434;&#x441;&#x43A;</subfield>
    <subfield code="d">1975</subfield>
  </datafield>
  <datafield tag="532" ind1="1" ind2="1">
    <subfield code="a">&#x41F;&#x430;&#x440;&#x442;&#x438;&#x439;&#x43D;&#x43E;-&#x43F;&#x43E;&#x43B;&#x438;&#x442;&#x438;&#x447;&#x435;&#x441;&#x43A;&#x430;&#x44F; &#x440;&#x430;&#x431;&#x43E;&#x442;&#x430; &#x43D;&#x430; &#x442;&#x440;&#x430;&#x43D;&#x441;&#x43F;&#x43E;&#x440;&#x442;&#x435; &#x432; &#x43F;&#x435;&#x440;&#x438;&#x43E;&#x434; &#x442;&#x44B;&#x441;&#x44F;&#x447;&#x430; &#x434;&#x435;&#x432;&#x44F;&#x442;&#x44C;&#x441;&#x43E;&#x442; &#x448;&#x435;&#x441;&#x442;&#x44C;&#x434;&#x435;&#x441;&#x44F;&#x442; &#x448;&#x435;&#x441;&#x442;&#x43E;&#x439; -1970 &#x433;&#x433;.</subfield>
  </datafield>
  <datafield tag="700" ind1=" " ind2="1">
    <subfield code="a">&#x422;&#x440;&#x438;&#x444;&#x43E;&#x43D;&#x43E;&#x432;</subfield>
    <subfield code="b">&#x410;.&#x41D;.</subfield>
  </datafield>
  <datafield tag="801" ind1=" " ind2="0">
    <subfield code="a">RU</subfield>
    <subfield code="b">NLR</subfield>
    <subfield code="g">psbo</subfield>
  </datafield>
  <datafield tag="801" ind1=" " ind2="1">
    <subfield code="a">RU</subfield>
    <subfield code="b">ELAR</subfield>
    <subfield code="2">rusmarc</subfield>
  </datafield>
  <datafield tag="830" ind1=" " ind2=" ">
    <subfield code="a">&#x418;&#x441;&#x442;&#x43E;&#x447;&#x43D;&#x438;&#x43A; &#x438;&#x437; &#x434;&#x438;&#x441;.: &#x41A;&#x430;&#x442;&#x430;&#x43B;&#x43E;&#x433; &#x43A;&#x430;&#x43D;&#x434;. &#x438; &#x434;&#x43E;&#x43A;&#x442;. &#x434;&#x438;&#x441;. ..., 1976, &#x432;&#x44B;&#x43F;. 10, &#x437;&#x430;&#x43F;. 1750</subfield>
  </datafield>
  <datafield tag="852" ind1=" " ind2=" ">
    <subfield code="a">NLR</subfield>
    <subfield code="j">Desideratum</subfield>
  </datafield>
  <datafield tag="942" ind1=" " ind2=" ">
    <subfield code="c">BOOK</subfield>
  </datafield>
</record>
